Cometa
Tallennettuna:
| Päätekijä: | |
|---|---|
| Aineistotyyppi: | Kirja |
| Kieli: | määrittelemätön |
| Julkaistu: |
Ancona
Pequod
2004
|
| Tagit: |
Ei tageja, Lisää ensimmäinen tagi!
|
MARC
| LEADER | 00000nam a2200000Ia 4500 | ||
|---|---|---|---|
| 001 | 369 | ||
| 003 | NUMERAZIONE-ORIGINALE-BRESCIA | ||
| 005 | 20260206230752.0 | ||
| 008 | 260206s9999 xx 000 0 und d | ||
| 100 | |a Andreucci Donato | ||
| 245 | 0 | |a Cometa | |
| 260 | |a Ancona | ||
| 260 | |b Pequod | ||
| 260 | |c 2004 | ||
| 942 | |2 ddc |c BK |n 0 | ||
| 952 | |0 0 |1 0 |2 ddc |4 0 |6 13 |7 0 |9 28567 |a BS |b BS |d 2026-02-06 |i 369 |l 0 |o 1-3-* |r 2026-02-06 22:40:38 |w 2026-02-06 |x [REVISIONARE] |y BK | ||
| 999 | |c 24232 |d 24232 | ||